Trenerzy z największą liczbą tytułów Mistrza Anglii - Statystyki

Ogólne statystyki
  • Ten quiz został rozwiązany 44 razy
  • Średni wynik to 4 z 12
Statystyki odpowiedzi
Trener Ilość Tytułów % Poprawnych
Pep Guardiola 5
100%
Sir Alex Ferguson 13
93%
Arsène Wenger 3
68%
José Mourinho 3
63%
Sir Kenny Dalglish 4
22%
Bill Shankly 3
10%
Bob Paisley 6
7%
Sir Matt Busby 5
5%
Frank Watt 4
2%
Herbert Chapman 4
2%
Stan Cullis 3
2%
Tom Watson 5
2%
Nie znaleziono quizów pasujących do podanych kryteriów
Rozkład punktacji
Procent ludzi z każdym wynikiem
Percentyl według liczby udzielonych odpowiedzi
Twoja historia wyników
Nie rozwiązałeś tego quizu